| 000 -LEADER |
| fixed length control field |
00807nam a22002537a 4500 |
| 005 - DATE AND TIME OF LATEST TRANSACTION |
| control field |
20251016135559.0 |
| 008 - FIXED-LENGTH DATA ELEMENTS--GENERAL INFORMATION |
| fixed length control field |
251016b ||||| |||| 00| 0 eng d |
| 020 ## - INTERNATIONAL STANDARD BOOK NUMBER |
| International Standard Book Number |
9781408880975 |
| 040 ## - CATALOGING SOURCE |
| Transcribing agency |
KH8 |
| 082 ## - DEWEY DECIMAL CLASSIFICATION NUMBER |
| Classification number |
823.92 PER |
| 100 ## - MAIN ENTRY--PERSONAL NAME |
| Personal name |
PERCIVA,TOM |
| Relator term |
Author and Illustrator |
| 245 ## - TITLE STATEMENT |
| Title |
PERFECTLY NORMAN |
| 260 ## - PUBLICATION, DISTRIBUTION, ETC. |
| Place of publication, distribution, etc. |
50 Bedford Square , London WC1B 3DP |
| Name of publisher, distributor, etc. |
Bloomsbury Publishing Plc |
| Date of publication, distribution, etc. |
2017 |
| 300 ## - PHYSICAL DESCRIPTION |
| Extent |
32 pages |
| Other physical details |
colour illustration |
| Dimensions |
29 cm x 23 cm |
| 520 ## - SUMMARY, ETC. |
| Summary, etc. |
Norman has always been normal,perfectly normal until the day he grew a pair of wings! |
| 521 ## - TARGET AUDIENCE NOTE |
| Target audience note |
Ages 5 to 7 years old. |
| 650 ## - SUBJECT ADDED ENTRY--TOPICAL TERM |
| Topical term or geographic name entry element |
Self-acceptance |
| 650 ## - SUBJECT ADDED ENTRY--TOPICAL TERM |
| Topical term or geographic name entry element |
Individuality |
| 650 ## - SUBJECT ADDED ENTRY--TOPICAL TERM |
| Topical term or geographic name entry element |
Juvenile fiction |
| 650 ## - SUBJECT ADDED ENTRY--TOPICAL TERM |
| Topical term or geographic name entry element |
Children's stories |
| 655 ## - INDEX TERM--GENRE/FORM |
| Genre/form data or focus term |
Children's fiction |
| 655 ## - INDEX TERM--GENRE/FORM |
| Genre/form data or focus term |
icture books |
| 942 ## - ADDED ENTRY ELEMENTS (KOHA) |
| Source of classification or shelving scheme |
|
| Koha item type |
Books - Fiction |